000 00666nam a2200229Ia 4500
003 OSt
005 20220923225811.0
006 a|||||r|||| 00| 0
007 ta
008 Pun
024 _a274,763
037 _cTextual
040 _aARTS
_cARTS
_bPun
041 _2Pun
_aPun
082 _aQ8441xK66, 153K5
100 _aਬੇਦੀ, ਕਾਲਾ ਸਿੰਘ
245 0 _aਵਾਰ ਸ੍ਰੀ ਭਗਉਤੀ ਜੀ ਕੀ (ਚੰਡੀ ਦੀ ਵਾਰ)
260 _c1965
650 _aਪੰਜਾਬੀ ਸਾਹਿਤ
942 _hQ8441xK66, 153K5
_cTEXL
_2CC
999 _c380486
_d380486